000
00269nam a2200121 a 4500
008
110428s1985|||| d
100
1
_a
Klimeš, Lumír
245
1
0
_a
Slovník cizích slov
260
_b
SPN
_a
Praha
_c
1985
020
_c
56
041
_a
ces
044
_a
CZ
999
_c
19221
_d
19221